Kontury państw Afrykańskich według stolic (Bardzo Trudne +) - Statystyki

Ogólne statystyki
  • Ten quiz został rozwiązany 33 razy
    8 od ostatniego zresetowania
  • Średni wynik to 36 z 67
Statystyki odpowiedzi
Obrazkowy Hint Odpowiedź % Poprawnych
Bamako
100%
Chartum
100%
Jaunde
100%
Kair
100%
Lusaka
100%
Nawakszut
100%
Porto-Novo
100%
Trypolis
100%
Addis Abeba
80%
Antananarywa
80%
Asmara
80%
Bandżul
80%
Dakar
80%
Dżuba
80%
Gaborone
80%
Lomé
80%
Luanda
80%
Mogadiszu
80%
Ndżamena
80%
Niamey
80%
Pretoria/ Kapsztad/ Bloemfontein
80%
Rabat
80%
(Wyspy Pelagijskie) Rzym
80%
Tunis
80%
Victoria
80%
Wagadugu
80%
Windhuk
80%
Abudża
60%
Akra
60%
Algier
60%
Bangi
60%
Jamusukro
60%
Lilongwe
60%
(Madera) Lizbona
60%
(Wyspy Kanaryjskie) Madryt
60%
Maputo
60%
Moroni
60%
Praia
60%
(Sokotra) Sana
60%
São Tomé
60%
Al-Ujun
40%
Ciudad de la Paz
40%
Dodoma
40%
Gitega
40%
Harare
40%
Kampala
40%
Kinszasa
40%
Monrovia
40%
Nairobi
40%
Bissau
20%
Brazzaville
20%
Dżibuti
20%
Kigali
20%
Libreville
20%
Port Louis
20%
Edinburgh of the Seven Seas
0%
Freetown
0%
Georgetown
0%
Hargejsa
0%
Jamestown
0%
Konakry
0%
Mamoudzou
0%
Maseru
0%
Mbabane
0%
Saint-Denis
0%
Saint Pierre
0%
Zanzibar
0%
Nie znaleziono quizów pasujących do podanych kryteriów
Rozkład punktacji
Procent ludzi z każdym wynikiem
Percentyl według liczby udzielonych odpowiedzi
Twoja historia wyników
Nie rozwiązałeś tego quizu od ostatniego zresetowania